<?xml version="1.0" encoding="UTF-8"?>
<marc:record xmlns:marc="http://www.loc.gov/MARC21/slim">
   <marc:leader>00000nam a2200000 a 4500</marc:leader>
   <marc:datafield ind1="1" ind2=" " tag="100">
      <marc:subfield code="a">Mackie, Anthony</marc:subfield>
   </marc:datafield>
   <marc:datafield ind1="1" ind2=" " tag="100">
      <marc:subfield code="a">Epps, Shareeka</marc:subfield>
   </marc:datafield>
   <marc:datafield ind1="1" ind2=" " tag="100">
      <marc:subfield code="a">Gosling, Ryan</marc:subfield>
   </marc:datafield>
   <marc:datafield ind1="1" ind2=" " tag="100">
      <marc:subfield code="a">Fleck, Ryan</marc:subfield>
   </marc:datafield>
   <marc:datafield ind1="0" ind2="0" tag="245">
      <marc:subfield code="a">Half Nelson</marc:subfield>
   </marc:datafield>
   <marc:datafield ind1="0" ind2="0" tag="245">
      <marc:subfield code="c">Darst.: Ryan Gosling ; Shareeka Epps ; Anthony Mackie ... Regie: Ryan Fleck</marc:subfield>
   </marc:datafield>
   <marc:datafield ind1=" " ind2="1" tag="264">
      <marc:subfield code="a">Leipzig</marc:subfield>
      <marc:subfield code="b">Kinowelt Home Entertainment</marc:subfield>
      <marc:subfield code="c">2010</marc:subfield>
   </marc:datafield>
   <marc:datafield ind1="1" ind2=" " tag="490">
      <marc:subfield code="a">Arthaus Collection</marc:subfield>
   </marc:datafield>
   <marc:datafield ind1="1" ind2=" " tag="520">
      <marc:subfield code="a">Dan Dunne ist der beliebteste Lehrer an der Brooklyner Highschool. Mit Witz und Einfühlungsvermögen versucht er den zum Teil aus katastrophalen Verhältnissen stammenden Teenagern eine Perspektive aufzuzeigen. Doch hinter Dans gelassener Fassade versteckt sich ein einsamer Mann, der sich allabendlich mit Koks über die Enttäuschungen seines Lebens hinwegtröstet. Als ihn die 13-jährige Drey bei einem Crack-Trip auf der Toilette erwischt, verrät sie ihn zu seiner Überraschung nicht. Zwischen dem jungen Lehrer und seiner Schülerin entwickelt sich eine außergewöhnliche Freundschaft...</marc:subfield>
   </marc:datafield>
   <marc:datafield ind1=" " ind2=" " tag="020">
      <marc:subfield code="a">4006680053707</marc:subfield>
      <marc:subfield code="9">4006680053707</marc:subfield>
   </marc:datafield>
   <marc:datafield ind1="3" ind2=" " tag="024">
      <marc:subfield code="a">4006680053707</marc:subfield>
   </marc:datafield>
   <marc:datafield ind1="0" ind2=" " tag="490">
      <marc:subfield code="v">0</marc:subfield>
   </marc:datafield>
   <marc:datafield ind1=" " ind2=" " tag="300">
      <marc:subfield code="a">1 DVD (PAL, Ländercode 2, ca. 102 Min.) : farbig, mit Ton</marc:subfield>
   </marc:datafield>
</marc:record>
